=LDR 00000nam 2200000 4500 =001 INLIS000000000057067 =005 20201125013104 =035 ##$$a 0010-1120000138 =007 ta =008 201125###########################0###### =082 ##$$a 641.095 986 5 =084 ##$$a 641.095 986 5 Sit w =245 1#$$a Wisata Kuliner Khas NTB /$c Siti Aeny Maryam, SM =250 ##$$a cet. 1 =300 ##$$a vi, 238 halaman : $b ilus ; $c 18 cm =600 #4$$a Makanan - Nusa Tenggara Barat =264 ##$$a Mataram :$b UD. Kupas kecerdasan,$c 2012 =336 ##$$a Teks$2 rdacontent =337 ##$$a Buku$2 rdamedia =338 ##$$a lain-lain$2 rdacarrier =990 ##$$a 35543554 =990 ##$$a 135/45/2016